| 000 | 00952nam a2200313 a 4500 | ||
|---|---|---|---|
| 001 | 000116065 | ||
| 003 | CHAP | ||
| 005 | 20220329144559.0 | ||
| 008 | 190903s1984 mx |r| ||||||spa d | ||
| 010 | _a112526 | ||
| 011 | _a113498 | ||
| 020 | _a9688160474 | ||
| 040 | _cCHAP | ||
| 082 | 0 | 4 |
_a972.5309031 _bF22 |
| 100 | 1 |
_aFarías Galindo, José. _9136777 |
|
| 245 | 1 | 0 |
_aXochimilco / _cpor José Farías Galindo. |
| 260 |
_aMéxico, D.F. : _bDepartamento del Distrito Federal, _c1984. |
||
| 300 | _a152 p. | ||
| 490 | _aDelegaciones políticas | ||
| 590 |
_aBATCH-UPD _b05 _c20190903 _lUCH01 _h1038 |
||
| 590 |
_aE11695DGD _b10 _c20190903 _lUCH01 _h1356 |
||
| 590 |
_aE5765TAJ _b05 _c20190903 _lUCH01 _h1037 |
||
| 651 | 1 |
_aXochimilco, México (Cd.) _xHistoria _9136779 |
|
| 651 | 1 |
_aXochimilco, México (Cd.) _xVida social y costumbres _9136780 |
|
| 830 | 0 |
_aDelegaciones políticas _v4 _9136778 |
|
| 901 | _aBK | ||
| 942 | _cLIBRO | ||
| 942 | _n0 | ||
| 999 |
_c112526 _d112526 |
||